000 00422nam a2200157Ia 4500
008 210210b2001 xxu||||| |||| 00| 0 eng d
020 _a81 88325 00 7
082 _a820.33 ARCT
100 _aARCHIE. Psued Achary, N Bhaskara.
245 _aTentacles of God. Ed 1.
250 _a
260 _aKoteshwara.
_bN R A M H Prakashana.,
_c2001
300 _axi,342,xxiv
690 _aIndian English Fiction
906 _a058496
999 _c105602
_d105602